European Countries With The Most Muslims - Statistics

General Stats
  • This quiz has been taken 63 times
  • The average score is 14 of 15
Answer Stats
Total % Country % Correct
6,63 mil 10.3 France
100%
4,16 mil 6.1 United Kingdom
100%
3,01 mil 6.0 Spain
98%
5,51 mil 6.6 Germany
96%
1,62 mil 61.2 Albania
94%
12,05 mil 98.0 Turkey
94%
1,98 mil 3.5 Italy
92%
920,000 5.3 Netherlands
92%
17,31 mil 15.2 Russia
92%
865,000 8.3 Belgium
90%
1,72 mil 51.5 Bosnia and Herzegovina
88%
1,04 mil 9.7 Sweden
88%
810,000 9.0 Austria
87%
1,71 mil 95.6 Kosovo
81%
720,000 12.5 Bulgaria
73%
No matching quizzes found
Score Distribution
Percent of People with Each Score
Percentile by Number Answered
Your Score History
You have not taken this quiz